| 000 | 00474nam a22001817a 4500 | ||
|---|---|---|---|
| 003 | koha_MIRAKIL | ||
| 005 | 20231213095837.0 | ||
| 008 | 231213b |||||||| |||| 00| 0 ||| d | ||
| 020 | _b978-9-75403568-1 | ||
| 040 |
_aTR-IsEVY _btur _cTR-IsEVY |
||
| 082 | _a595.7 FIR/D | ||
| 100 | _aFirth Rachel, Stewell Louie. | ||
| 245 | 0 |
_aDoğa _bböcekler. |
|
| 260 |
_bTÜBİTAK Popüler bilim kitaplığı, _c2013 |
||
| 300 | _a76 s. | ||
| 650 | _aZooloji. | ||
| 942 |
_2ddc _cBK |
||
| 999 |
_c10372 _d10372 |
||